000 00392 a2200133 4500
003 OSt
005 20260213160851.0
008 260206b |||||||| |||| 00| 0 eng d
100 _aगोखले अ.
245 _aअक्षरबोध
260 _bभारतीय विचार साधना प्रकाशन
_aपुणे
_c2019
300 _a87pp.
942 _cBK
_2ddc
999 _c370056
_d370056